[Event "Catalunya-ch Seniors"]
[Site "Andorra"]
[Date "2006.07.26"]
[Round "9"]
[White "Falco Segarra, Lluis"]
[Black "Pamies Coral, Joan"]
[Result "0-1"]
[WhiteElo "1939"]
[BlackElo "1968"]
[PlyCount "58"]
[EventDate "2006.07.18"]
[EventType "swiss"]
[EventRounds "9"]
[EventCountry "ESP"]
[SourceTitle "EXT 2019"]
[Source "ChessBase"]
[SourceDate "2018.10.10"]
[SourceVersion "1"]
[SourceVersionDate "2018.10.10"]
[SourceQuality "1"]

1. e4 e6 2. d4 d5 3. e5 c5 4. c3 Nc6 5. Be3 Nge7 6. Bd3 Nf5 7. Ne2 cxd4 8. Bxd4 Nfxd4 9. cxd4 Qb6 10. 0-0 Bd7 11. Nd2 Nxd4 12. Nf3 Nxf3+ 13. gxf3 g6 14. Qd2 Bg7 15. f4 0-0 16. Rac1 Rac8 17. Nc3 a6 18. Rc2 f6 19. Re1 fxe5 20. fxe5 Qd4 21. Qe2 Qf4 22. b3 Bc6 23. Nd1 d4 24. h3 Bf3 25. Qd2 Qh4 26. Bf1 Bh6 27. Ne3 Rxc2 28. Qxc2 dxe3 29. fxe3 Qxe1 0-1

[Event "Catalunya-ch Seniors"]
[Site "Andorra"]
[Date "2006.07.24"]
[Round "7"]
[White "Valarezo Ricard, Pedro"]
[Black "Pamies Coral, Joan"]
[Result "1-0"]
[WhiteElo "2012"]
[BlackElo "1968"]
[PlyCount "25"]
[EventDate "2006.07.18"]
[EventType "swiss"]
[EventRounds "9"]
[EventCountry "ESP"]
[SourceTitle "EXT 2019"]
[Source "ChessBase"]
[SourceDate "2018.10.10"]
[SourceVersion "1"]
[SourceVersionDate "2018.10.10"]
[SourceQuality "1"]

1. d4 d5 2. Nf3 Nf6 3. Bf4 c6 4. Nc3 e6 5. e3 Be7 6. Ne5 Nbd7 7. Bd3 a6 8. Qf3 c5 9. a4 Qb6 10. 0-0-0 c4 11. Be2 Qb4 12. g4 b5 13. Nc6 1-0

[Event "Catalunya-ch Seniors"]
[Site "Andorra"]
[Date "2006.07.22"]
[Round "5"]
[White "Ylla Soro, Rafael"]
[Black "Pamies Coral, Joan"]
[Result "0-1"]
[WhiteElo "1748"]
[BlackElo "1968"]
[PlyCount "111"]
[EventDate "2006.07.18"]
[EventType "swiss"]
[EventRounds "9"]
[EventCountry "ESP"]
[SourceTitle "EXT 2019"]
[Source "ChessBase"]
[SourceDate "2018.10.10"]
[SourceVersion "1"]
[SourceVersionDate "2018.10.10"]
[SourceQuality "1"]

1. e4 e6 2. d4 d5 3. e5 c5 4. c3 Nc6 5. Nf3 Nge7 6. Be3 Nf5 7. Be2 cxd4 8. cxd4 Nxe3 9. fxe3 Bb4+ 10. Nc3 0-0 11. 0-0 a6 12. Bd3 Be7 13. a3 Bd7 14. Qc2 h6 15. Qf2 b5 16. b4 Rc8 17. Rac1 Na7 18. e4 Bc6 19. exd5 exd5 20. Bb1 Be8 21. Qc2 g6 22. Qd2 Kg7 23. Ba2 Bc6 24. Ne2 Bb7 25. Rxc8 Nxc8 26. Ng3 Nb6 27. Qd3 Bc8 28. Bb1 Rh8 29. e6 Bxe6 30. Ne5 Qe8 31. Qf3 Nc4 32. Nh5+ gxh5 33. Qg3+ Bg5 34. h4 Nxe5 35. Qxe5+ f6 36. Qg3 Qb8 37. Qd3 Bf7 38. hxg5 hxg5 39. Qf3 Qd6 40. Rc1 Re8 41. Qf5 Rh8 42. Rc5 Qe6 43. Qf2 Re8 44. Kf1 Qe3 45. Qxe3 Rxe3 46. Ba2 Rxa3 47. Bxd5 Bxd5 48. Rxd5 Rb3 49. Rd6 Rxb4 50. Ke2 a5 51. d5 Kf7 52. Ke3 a4 53. Ra6 Ke7 54. Re6+ Kd7 55. Rxf6 a3 56. Ra6 0-1